Szczegóły MARC21

Kronika polska /

003 -Nazwa inst., której nr kontr. jest w polu 001 [,]
    • @
    • Nazwa instytucji, której n kontrolny jest w polu 001
    • NUKAT
005 -DATA I CZAS OSTATNIEJ MODYFIKACJI [,]
    • @
    • pole kontrolne
    • 20241231103003.0
040 -Instytucja sporządzająca opis [ , ]
    • a
    • Instytucja, która sporządziła opis (NP)
    • LUBL KUL/EP
    • c
    • Instytucja, która sporządziła rekord (NP)
    • LUBL KUL/EP
    • d
    • Instytucja, która zmodyfikowała rekord (P)
    • LUBL KUL/MC
    • d
    • Instytucja, która zmodyfikowała rekord (P)
    • GD U/EPs
    • d
    • Instytucja, która zmodyfikowała rekord (P)
    • WR U/kc
    • d
    • Instytucja, która zmodyfikowała rekord (P)
    • KAT U/SNs
041 -Język dokumentu [1, ]
    • a
    • Język tekstu (P)
    • polski
    • h
    • Język tekstu oryginalnego i/lub pośredniego (P)
    • łaciński
942 -Rodzaj dokumentu [ , ]
    • c
    • Rodzaj dokumentu
    • Książka
100 -Hasło główne - nazwa osobowa [0, ]
    • a
    • Nazwa osobowa (NP)
    • Gallus Anonymus
    • d
    • Daty biograficzne (NP)
    • (10..-11..).
    • 9
    • KHW
    • 82139
240 -Tytuł ujednolicony [1,0]
    • a
    • Tytuł ujednolicony
    • Chronicon
    • l
    • Język tekstu
    • (pol.)
    • 9
    • KHW
    • 82141
245 -Strefa tytułu i oznaczenia odpowiedzialności [1,0]
    • a
    • Tytuł
    • Kronika polska / Find
    • c
    • Pozostałe elementy strefy tytułu i oznaczenia odpowiedzialności (NP)
    • Anonim tzw. Gall ; przeł. i oprac. Roman Grodecki.
260 -Strefa adresu wydawniczego [ , ]
    • a
    • Miejsce wydania (P)
    • Kraków :
    • b
    • Nazwa wydawcy (P)
    • Nakładem Krakowskiej Spółki Wydawniczej,
    • c
    • Data wydania (P)
    • 1923.
300 -Strefa opisu fizycznego [ , ]
    • a
    • Określenie formy książki i/lub objętość (NP)
    • 176 s. ;
    • c
    • Format (NP)
    • 17 cm.
336 -Typ zawartości [ , ]
    • a
    • Termin opisujący typ zawartości
    • Tekst
    • b
    • Kod określający zawartość
    • txt
    • 2
    • Źródło (terminu i kodu)
    • rdacontent
337 -Typ mediów [ , ]
    • a
    • Tryb odtwarzania
    • Bez urządzenia pośredniczącego
    • b
    • Kod typu mediów
    • n
    • 2
    • Źródło (terminu i kodu)
    • rdamedia
338 -Typ/rodzaj nośnika [ , ]
    • a
    • Hasło opisujące typ nośnika
    • Wolumin
    • b
    • Kod typu nośnika
    • nc
    • 2
    • Źródło (terminu i kodu)
    • rdacarrier
490 -Strefa serii i książki wielotomowej - forma nie do wyszukiwania [1, ]
    • a
    • Tytuł (P)
    • Bibljoteka Narodowa. Serja 1 ; Find
    • v
    • Numeracja (P)
    • Nr 59
830 -Hasło dodatkowe serii i opisu książki wielotomowej - tytuł ujednolicony/tytuł [ ,0]
    • a
    • Tytuł ujednolicony/tytuł (NP)
    • Biblioteka Narodowa.
    • n
    • Oznaczenie części/podserii/sekcji (P)
    • Seria 1
    • x
    • ISSN
    • 0208-4104
    • v
    • Oznaczenie tomu (NP)
    • nr 59
    • 9
    • KHW
    • 7607
500 -Uwaga ogólna [ , ]
    • a
    • Uwaga ogólna (NP)
    • Oryg. w jęz. łac.
504 -Uwaga dot. bibliogr. załącznikowej [ , ]
    • a
    • Uwaga dot. bibliografii załącznikowej
    • Bibliografia na stronie 57. Indeks.
080 -Uniwersalna Klasyfikacja Dziesiętna [ , ]
    • 2
    • Identyfikator wydania tablic
    • UDC-P058
    • a
    • Symbol klasyfikacji
    • 94(438).02
    • b
    • Dopowiedzenie
    • Historia Polski. Dynastia Piastów i Andegawenów (ok. 960-1386).
    • 9
    • UKD
    • 7014
    • 4
    • UKD2
    • 42825
    • x
    • Poddział wspólny
    • ".../11"
    • c
    • Dopowiedzenie poddz. wspólnego
    • Do XII wieku.
080 -Uniwersalna Klasyfikacja Dziesiętna [ , ]
    • 2
    • Identyfikator wydania tablic
    • UDC-P058
    • a
    • Symbol klasyfikacji
    • 930.1(091)
    • b
    • Dopowiedzenie
    • Historiografia.
    • 9
    • UKD
    • 6963
    • 4
    • UKD2
    • 7642
    • x
    • Poddział wspólny
    • (438)
    • c
    • Dopowiedzenie poddz. wspólnego
    • (Polska).
080 -Uniwersalna Klasyfikacja Dziesiętna [ , ]
    • 2
    • Identyfikator wydania tablic
    • UDC-P058
    • a
    • Symbol klasyfikacji
    • 821.162.1:821.124-94
    • b
    • Dopowiedzenie
    • Literatura polsko-łacińska. - Kroniki, pamiętniki historyczne.
    • 9
    • UKD
    • 42824
    • 4
    • UKD2
    • 12764
    • x
    • Poddział wspólny
    • "11"
    • c
    • Dopowiedzenie poddz. wspólnego
    • Wiek XII.
651 -Hasło przedmiotowe w formie nazwy geograficznej [ ,7]
    • a
    • Nazwa geograficzna
    • Polska
    • y
    • Określnik chronologiczny
    • 960-1138
    • v
    • Określnik formalny
    • dzieła przed 1800.
    • 2
    • Źródło terminu
    • kaba
    • 9
    • KHW
    • 511828
651 -Hasło przedmiotowe w formie nazwy geograficznej [ ,7]
    • a
    • Nazwa geograficzna
    • Polska
    • y
    • Określnik chronologiczny
    • 960-1370 (Okres Piastów)
    • v
    • Określnik formalny
    • źródła.
    • 2
    • Źródło terminu
    • kaba
    • 9
    • KHW
    • 374192
651 -Hasło przedmiotowe w formie nazwy geograficznej [ ,7]
    • a
    • Nazwa geograficzna
    • Polska
    • y
    • Określnik chronologiczny
    • 960-1370 (Okres Piastów)
    • v
    • Określnik formalny
    • dzieła przed 1800.
    • 2
    • Źródło terminu
    • kaba
    • 9
    • KHW
    • 350277
980 -Symbol UKD [ , ]
    • a
    • UKD
    • 94(438)".../11":930.1(438):821.162.1:821.124-94"11"
700 -Hasło dodatkowe - nazwa osobowa [1, ]
    • a
    • Nazwa osobowa (NP)
    • Grodecki, Roman Find
    • d
    • Daty biograficzne (NP)
    • (1889-1964).
    • e
    • Określenie rodzaju współpracy
    • Oprac.
    • 9
    • KHW
    • 16309
Data inwentaryzacji Lokalizacja Sygnatura Numer inwentarzowy Status udost. Uwagi nie widoczne w OPAC
BGZ.17332Z.173321retrokonwersja
BGZ.38602Z.386021retrokonwersja
BGW.43630W.43630-3retrokonwersja
 BNS9(438)1/G-15ANS.101271